000 00907nam a22002657a 4500
999 _c22555
_d22555
003 AR-CdUCM
008 190423b ||||| |||| 00| 0 spa d
020 _a9786124299827
040 _aMUNICIPALIDAD PROVINCIAL DEL CUSCO
_cBIBLIOTECA MUNICIPAL DEL CUSCO
041 _hspa
082 _aES/869.562
_bAL39F
100 _aAlegría, Ciro
_9807
245 _aFábulas y leyendas americanas /
_cCiro Alegría ; recopilación de Dora Varona ; ilustraciones, Christian Vargas
260 _aLima :
_bLoqueleo,
_c2020.
300 _a113 páginas, 2 páginas sin numerar :
_bilustraciones ;
_c20 cm.
500 _a+12 años.
650 _aCuentos peruanos
_948500
650 _aLeyendas
_92226
650 _aAmérica Latina
_948501
650 _aSiglo XX
_948499
700 _aVarona, Dora
_ecompilador
_91440
700 _aVargas Mendoza, Christian
_eilustrador
_948502
942 _2ddc
_cLIBROS
945 _arac